Obálka Náhled e-knihy:
PDF Epub
Pro půjčování e-knih musíte být přihlášeni.
Jak si půjčit online?

Noc v Orient expresu /

Okouzlující milostný příběh pro ženy od anglické autorky o nezapomenutelné cestě několika žen a mužů za láskou luxusním Orient Expresem.

Uloženo v:
Hlavní autor: Henry, Veronica, 1963- (Autor)
Další autoři: Polívková, Markéta (Autor)
Médium: E-kniha
Jazyk:Czech
Vydáno: Praha : Motto, 2019
Vydání:Vydání první
Edice:Román (Motto)
Témata:
Tagy:
Žádné tagy
LEADER 02936cam a2200505 i 4500
001 313981
003 CZ PrSKC
005 20260629062710.0
007 ta
008 190918s2019 xr g 000 f cze d
015 |a cnb003133965 
020 |a 9788026716167  |q (vázáno) 
035 |a (OCoLC)1127281484 
040 |a CBA001  |b cze  |d ABG001  |e rda 
041 1 |a cze  |h eng 
072 7 |a 821.111-3  |x Anglická próza, anglicky psaná  |2 Konspekt 
080 |a 821.111-31  |2 MRF 
080 |a (0:82-312.5)  |2 MRF 
080 |a (0:82-31)-055.2  |2 MRF 
100 1 |a Henry, Veronica,  |d 1963-  |7 xx0239832  |4 aut 
240 1 0 |a Night on the Orient Express.  |l Česky 
245 1 0 |a Noc v Orient expresu /  |c Veronica Henry ; přeložila Markéta Polívková 
250 |a Vydání první 
264 1 |a Praha :  |b Motto,  |c 2019 
300 |a 298 stran ;  |c 21 cm 
336 |a text  |b txt  |2 rdacontent 
337 |a bez média  |b n  |2 rdamedia 
338 |a svazek  |b nc  |2 rdacarrier 
490 1 |a Román 
500 |a Přeloženo z angličtiny 
520 2 |a Okouzlující milostný příběh pro ženy od anglické autorky o nezapomenutelné cestě několika žen a mužů za láskou luxusním Orient Expresem.  |b Když se cestující Orient Expresem do Benátek sejdou jednoho dne na londýnském nádraží netuší, že tahle cesta změní jejich životy navždy. Emmie a Archie vyhráli cestu na stránce seznamovací agentury, není to dlouho, co se oba museli vyrovnat s tragédií, a nyní doufají, že konečně najdou spřízněnou duši. Stephanie se nedávno nastěhovala k Simonovi, vyrazili na výlet i se dvěma jeho dospívajícími dětmi, je však otázkou, zda jejich vztah vydrží tuhle zatěžkávací zkoušku. Sylvie a fotograf Riley jsou milenci už řadu let, prozatím nikdy netoužili po ničem víc než pár dnech společného štěstí, ale jak stárnou, začínají chtít víc. A mladá Imogen míří do města gondol pro obraz, který jí zanechala její záhadná babička Adele, a je možné, že díky tomu nakonec najde i životní štěstí. 
655 7 |a anglické romány  |7 fd131814  |2 czenas 
655 7 |a milostné romány  |7 fd132840  |2 czenas 
655 7 |a romány pro ženy  |7 fd187897  |2 czenas 
655 9 |a English fiction  |2 eczenas 
655 9 |a love novels  |2 eczenas 
655 9 |a women's novels  |2 eczenas 
700 1 |a Polívková, Markéta  |7 kv2015883707  |4 trl 
830 0 |a Román (Motto) 
900 |a ABA001  |b 21 
928 9 |a Albatros Media - Motto 
044 |a xr 
910 |a RBIT002 
998 |d 201497  |a https://core.palmknihy.cz/api/books/201497/cover?pxyu2n  |b https://core.palmknihy.cz/api/books/201497/cover/400?pxyu2n  |c https://core.palmknihy.cz/api/books/201497/cover/50?pxyu2n  |e 2050-12-31  |g 304  |i 9788026716167  |j https://core.palmknihy.cz/api/books/201497/preview.epub  |k https://core.palmknihy.cz/api/books/201497/preview.pdf  |l   |q 49  |r 1  |s https://www.palmknihy.cz/kniha/201497  |t ebook  |y 2019  |z 0 
999 |d 313979